000 01648nam a2200313 i 4500
001 768714001
003 CO-MdFUSB
005 20201207115803.0
007 ta
008 200602t2009 sp a|||| |||| 00| 0 spa d
020 _a9788466623148
040 _aCO-MdFUSB
_bspa
_cCO-MdFUSB
_dCO-MdFUSBC
_erda
041 _aspa
082 _223
_a920.02
_bJ685
100 _aJohnson, Paul.
_eautor
245 _aHéroes
_c/ Paul Johnson
264 1 _aBarcelona :
_bEdiciones B,
_c[2009]
264 4 _c© 2009
300 _a328 páginas
_c; 24 cm.
336 _2rdacontent
_atexto
_btxt
337 _2rdamedia
_asin mediación
_bn
338 _2rdacarrier
_avolumen
_bnc
490 _aNoficción. Historia
505 _aLos héroes de Dios: Débora, Judit, Sansón y David -- Agitadores: Alejandro Magno y Julio César -- Fuego feminista y asesinato: Boudica -- Héroes ejemplares: Enrique V y Juana de Arco -- Heroísmo en la edad del hacha: Santo Tomás Moro, lady Jane Grey, María Reina de los Escoceses, Isabel I y Sir Walter Ralegh -- En el rugido de la boca del cañón: Washington, Nelson y Wellington -- Heroísmo torturador en un mundo de hombres: Jane Welsh Carlyle y Emily Dickenson -- Dos tipos de nobleza: Lincoln y Lee -- Heroísmo intelectual: Ludwig Wittgenstein -- El heroísmo de la anfitriona: lady Pamela Berry et al. -- Un héroe generoso y un monstruo heroico: Churchill y De Gaulle -- Heroísmo bajo el maquillaje: Mae West y Marilyn Monroe -- La trinidad heroica que domesticó al oso: Reagan, Thatcher y Juan Pablo II.
563 _aRústico
650 0 _92480
_aLiderazgo
_xBiografías.
942 _cBK
945 _aJTF-925
999 _c66012
_d66012